Statistics for Top 50 Countries by Urbanization

Click here to take the quiz!

General Stats

  • This quiz has been taken 63 times
  • The average score is 34 of 50

Answer Stats

%Country% Correct
92Japan
95%
83South Korea
95%
84United Kingdom
93%
82United States
93%
92Netherlands
89%
88Luxembourg
87%
100Monaco
87%
98Belgium
85%
80Canada
85%
100Singapore
85%
89Brazil
84%
83France
84%
98San Marino
84%
100Vatican City
84%
88Denmark
82%
80Taiwan
82%
94Argentina
80%
93Malta
78%
84Mexico
78%
80Spain
78%
100Kuwait
76%
99Qatar
76%
88Andorra
75%
87Chile
75%
88Sweden
75%
87United Arab Emirates
75%
86Australia
73%
90Bahrain
73%
93Israel
73%
84Norway
71%
81Peru
71%
97Uruguay
71%
87Oman
67%
81Colombia
65%
86Finland
65%
87New Zealand
65%
84Saudi Arabia
64%
85Greece
62%
80Brunei
56%
94Iceland
56%
87Venezuela
51%
86Bahamas
47%
79Cuba
45%
81Costa Rica
44%
91Jordan
44%
85Dominican Republic
40%
100Nauru
33%
100Palau
33%
80Libya
9%
88Gabon
4%

Score Distribution

Percentile by Number Answered

Percent of People with Each Score

Your Score History

You have not taken this quiz